000 00596nam a2200181Ia 4500
005 20250508163405.0
008 008 250505s9999 xx 000 0 eng d
037 _aTextual
040 _aFEDL
_beng
_cFEDL
041 _aeng
_2eng
084 _a304.607, UNE
_qFEDL
245 0 _aManagement, planning and monitoring population education programmes
260 _aBangkok, Thailand
_bUNESCO Regional Office for Education in Asia and the Pacific
_c1987
300 _a56p.
490 _aAbstract-Bibliography Series 8
942 _cTEXL
_h304.607, UNE
999 _c1382766
_d1382766